000 00856nam a2200253 a 4500
008
020 _a0771097867 (pbk.)
049 _aMAIN
090 _aHJ9351.4
_bVIN
100 1 _aViner, Jacob.
245 1 0 _aCanada's balance of international indebtedness, 1900-1913 :
_ban inductive study in the theory of international trade /
_cJacob Viner ; with an introduction by H. C. Eastman.
260 _aToronto :
_bMcCelland and Stewart,
_cc1975.
300 _axvi, 318 p. ;
_c19 cm.
440 _aCarleton library ;
_vno. 86.
500 _aIncludes index.
504 _aIncludes bibliographical references.
650 0 _aBalance of trade.
650 0 _aFinance
_zCanada.
907 _a.b10129492
_b08-05-12
_c02-07-04
003
005 20230123133751.0
040 _cNUST
942 _cBOOKS
_kHJ9351.4
_mVIN
999 _c154272
_d154272